01165nam a2200241Ia 450000100060000000300090000600800410001504000130005604000130006904100130008210000200009510000290011524500890014424500890023325000110032226000090033326000180034226000490036030000410040950004230045065000190087365000310089248618IT-RoPAU130308s9999 xx 000 0 und d aIT-RoPAU cIT-RoPAU aITALIANO aVezzani Lorenzo gCodice Aut. SPICS: 1405 a"Note di Cabiria (Le)-Analisi della colonna sonora del film ""Le notti di Cabiria""" b"Note di Cabiria (Le)-Analisi della colonna sonora del Film ""Le Notti di Cabiria""" a1a ed. aROMA bSpics Records c1987 [1° Ed.:1987 - Ed.Ling.Originale:1987] a"16 p. (prefazione: no ; testo: 16)" aAnalisi colonna sonora del Film le Notti di Cabiria di Fellini Funzioni della Musica nel Film nino Rota Fellini Bibliografia Spartito dei Brani dell'Opera citazioni di musiche Preesistenti sinfonia N 5 di Beethoven la Vedova Allegra di Lehar in un mercato Persiano marcia dei Gladiatori Mira Il tuo Popolo Canto del Pellegrino è L'Ora che Pia Inni e Canti Llà Ri' Lli Rà di Bonagura/Rota Il Metodo dei Livelli aSAGGI MUSICALI eCodice materia Spics: 7011